| 000 | 00489nam a22001937a 4500 | ||
|---|---|---|---|
| 005 | 20250328125417.0 | ||
| 008 | 250328b |||||||| |||| 00| 0 eng d | ||
| 020 | _a9780077167929 | ||
| 041 | _aeng | ||
| 082 | _a338.4791 VIL | ||
| 100 | _aVilliers, Pierre De | ||
| 245 | _aMicroeconomics and Behaviour | ||
| 250 | _a2nd | ||
| 260 |
_aLondon _bMcGraw-Hill _c2015 |
||
| 300 | _a537;. pages: 26 cm | ||
| 650 | _aTourism; Microeconomics | ||
| 700 | _aFrank, Robert H. | ||
| 942 | _cBK | ||
| 999 |
_c43465 _d43465 |
||